La lozana andaluza

Պահպանված է:
Մատենագիտական մանրամասներ
Հիմնական հեղինակ: Delicado, Francisco (Հեղինակ)
Ձևաչափ: Գիրք
Լեզու:իսպաներեն
Հրապարակվել է: Madrid Castalia 1969
Շարք:Clásicos Castalia
Խորագրեր:
Ցուցիչներ: Ավելացրեք ցուցիչ
Չկան պիտակներ, Եղեք առաջինը, ով նշում է այս գրառումը!

MARC

LEADER 00000nam a2200000 a 4500
001 UCQ1973
003 CL-VaPUC
008 980721e19690000SP |||||||||||||||||spa|d
082 0 4 |a 863  |b DEL  |2 21 
100 0 |a Delicado, Francisco  |e author  |9 317115 
245 1 3 |a La lozana andaluza 
300 |a 288 p 
942 |c BK 
945 |d 19980721 00:00:00  |a lriquelm 
260 |a Madrid  |b Castalia  |c 1969 
650 0 |a Novelas españolas  |9 265052 
650 0 |a Literatura española  |9 306261 
583 |a last modification  |c 19980721 00:00:00  |k Rodrigo Vera 
490 0 |a Clásicos Castalia 
999 |c 272816  |d 272814 
952 |0 0  |1 0  |4 0  |6 863_000000000000000_DEL_1969  |7 0  |8 A  |9 307989  |a BIBEDU  |b BIBEDU  |d 2019-11-20  |i 1438670  |o 863 DEL 1969  |p 1438670  |r 2019-11-20  |w 2019-11-20  |y BK  |k LIT 
952 |0 0  |1 0  |4 0  |6 863_000000000000000_DEL_1969  |7 0  |8 A  |9 307990  |a BIBEDU  |b BIBEDU  |d 2019-11-20  |i 143862K  |o 863 DEL 1969  |p 143862K  |r 2019-11-20  |w 2019-11-20  |y BK  |k LIT